Normal view
MARC view
- حسن،محمد حربي؛مراجعة خليل محمد حسن الشماع
Entry Personal Name
001 - CONTROL NUMBER
- control field: 12922
003 - CONTROL NUMBER IDENTIFIER
- control field: JO-AjAnu
005 - DATE AND TIME OF LATEST TRANSACTION
- control field: 20230606072353.0
008 - FIXED-LENGTH DATA ELEMENTS
- fixed length control field: 230606|| aca||aabn | a|a d
040 ## - CATALOGING SOURCE
- Original cataloging agency: JO-AjAnu
- Transcribing agency: JO-AjAnu
100 ## - HEADING--PERSONAL NAME
- Personal name: حسن،محمد حربي؛مراجعة خليل محمد حسن الشماع
670 ## - SOURCE DATA FOUND
- Source citation: Work cat.: (JO-AjAnu)6650: حسن،محمد حربي؛مراجعة خليل محمد حسن الشماع, author, علم المنظمة الاصول والتطور والتكامل